Левша (Запись № 13664061)

Подробности
000 -МАРКЕР
контрольное поле 02095nam0a2200397 4500
001 - ИДЕНТИФИКАТОР ЗАПИСИ
контрольное поле RU\NLR\BIBL_A\022309820
005 - ИДЕНТИФИКАТОР ВЕРСИИ
контрольное поле 20260420013945.0
010 ## - МЕЖДУНАРОДНЫЙ СТАНДАРТНЫЙ НОМЕР КНИГИ (ISBN)
Номер (ISBN) 978-5-6050774-4-2
Тираж 3000
021 ## - НОМЕР ГОСУДАРСТВЕННОЙ РЕГИСТРАЦИИ
Код страны Российская Федерация
Номер КН-П-24-041781
Номер Листа государственной регистраци КН-П-24-4139
035 ## - ДРУГИЕ СИСТЕМНЫЕ НОМЕРА
Идентификатор записи (NLR Aleph) 022309820
100 ## - ДАННЫЕ ОБЩЕЙ ОБРАБОТКИ
Данные общей обработки 20240829d2024 u y0rusy50 ca
101 0# - ЯЗЫК РЕСУРСА
Язык текста, звукозаписи и т.д. русский
102 ## - СТРАНА ПУБЛИКАЦИИ ИЛИ ПРОИЗВОДСТВА
Страна публикации Российская Федерация
105 ## - ПОЛЕ КОДИРОВАННЫХ ДАННЫХ: ТЕКСТОВЫЕ МАТЕРИАЛЫ, МОНОГРАФИЧЕСКИЕ
Кодированные данные о монографическом текстовом документе abchj 000zy
181 #0 - ПОЛЕ КОДИРОВАННЫХ ДАННЫХ: ВИД СОДЕРЖАНИЯ
Код вида содержания (ISBD) i3
Код характеристики содержания (ISBD) axxe
181 #0 - ПОЛЕ КОДИРОВАННЫХ ДАННЫХ: ВИД СОДЕРЖАНИЯ
Код вида содержания (ISBD) b1
Код характеристики содержания (ISBD) xb2e
182 #0 - ПОЛЕ КОДИРОВАННЫХ ДАННЫХ: ТИП СРЕДСТВА
Код типа средства (ISBD) n - непосредственное
200 1# - ЗАГЛАВИЕ И СВЕДЕНИЯ ОБ ОТВЕТСТВЕННОСТИ
Основное заглавие Левша
Сведения, относящиеся к заглавию сказ о тульском косом левше и о стальной блохе
-- подробный иллюстрированный комментарий
-- [учебное пособие]
Первые сведения об ответственности Николай Лесков
Последующие сведения об ответственности иллюстрации Н. В. Кузьмина
-- текст комментариев, подбор иллюстраций Оксана Баринова
203 ## - ВИД СОДЕРЖАНИЯ И ТИП СРЕДСТВА
Вид содержания Текст
--
Дополнительные сведения об издании визуальные
Тип средства непосредственные
210 ## - ПУБЛИКАЦИЯ, РАСПРОСТРАНЕНИЕ И ДР.
Место издания, распространения и т.д. Москва
Имя издателя, распространителя и т. д. Проспект
-- Блок-Принт
Дата издания, распространения и т.д. 2024
215 ## - ФИЗИЧЕСКАЯ ХАРАКТЕРИСТИКА
Специфическое обозначение материала и объем 151 с.
Другие сведения о физической характеристике ил., цв. ил., карта, портр., факс.
Размеры 24
225 1# - СЕРИЯ
Основное заглавие серии Книга в книге
333 ## - ПРИМЕЧАНИЯ ОБ ОСОБЕННОСТЯХ РАСПРОСТРАНЕНИЯ И ИСПОЛЬЗОВАНИЯ
Текст примечания 12+
604 ## - ИМЯ И ЗАГЛАВИЕ КАК ПРЕДМЕТ
Связываемые данные 700#1$aЛесков$bН. С.$gНиколай Семенович$f1831 - 1895
-- 500##$a"Левша"$jКомментарии$2nlr_sh2$3RU\NLR\AUTH\6601745064
Идентификатор авторитетной/нормативной записи RU\NLR\AUTH\6601745064
Имя лица Лесков, Николай Семенович (1831 - 1895)
Заглавие "Левша"
Формальный подзаголовок Комментарии
Системный номер авторитетной/нормативной записи 2640721
686 2# - ИНДЕКСЫ ДРУГИХ КЛАССИФИКАЦИЙ
Индекс Ш5(2=Р)52-4Лесков
686 2# - ИНДЕКСЫ ДРУГИХ КЛАССИФИКАЦИЙ
Индекс Ш6(2=Р)52-4
700 #1 - ИМЯ ЛИЦА - ПЕРВИЧНАЯ ОТВЕТСТВЕННОСТЬ
Графика поля Кириллица
Материалы, к которым относится поле rus
Начальный элемент ввода Лесков
Часть имени, кроме начального элемента ввода Н. С.
Даты 1831-1895
Расширение инициалов личного имени Николай Семенович
Системный номер авторитетной/нормативной записи 112020
Идентификатор авторитетной/нормативной записи RU\NLR\AUTH\772003
702 #1 - ИМЯ ЛИЦА - ВТОРИЧНАЯ ОТВЕТСТВЕННОСТЬ
Код отношения Иллюстратор
Графика поля Кириллица
Материалы, к которым относится поле rus
Начальный элемент ввода Кузьмин
Часть имени, кроме начального элемента ввода Н. В.
Дополнения к именам, кроме дат художник
Даты 1890-1987
Расширение инициалов личного имени Николай Васильевич
Системный номер авторитетной/нормативной записи 38875
Идентификатор авторитетной/нормативной записи RU\NLR\AUTH\7755943
702 #1 - ИМЯ ЛИЦА - ВТОРИЧНАЯ ОТВЕТСТВЕННОСТЬ
Начальный элемент ввода Баринова
Часть имени, кроме начального элемента ввода О.
Расширение инициалов личного имени Оксана
Код отношения Комментатор
942 ## - ДОПОЛНИТЕЛЬНЫЕ ЭЛЕМЕНТЫ ЗАПИСИ (АБИС)
Тип экземпляра АБИС Книга
980 ## - КОЛЛЕКЦИЯ
Название коллекции Национальная библиография

Нет доступных экземпляров.